00722cam a22002054a 4500020001600000040000800016082002600024100001900050245003200069260003900101300003600140500002000176650003400196650002500230700002300255856006700278942000700345999001700352952014700369 a0764567942  cDLC00a005 WIL 2004 A005 Or.1 aIhnatko, Andy.14aThe Mac OS X Panther book / aHoboken, NJ :bWiley Pub.,cc2004. axxvii, 381 p. :bill. ;c23 cm. aIncludes index. 0aOperating systems (Computers) 0aMacintosh (Computer)1 aHarrington, Jan L.42uhttp://www.loc.gov/catdir/description/wiley041/2004102360.html cEK c12921d12921 0010406005_000000000000000_WIL_2004_A005_OR70963014aLBAbLBAcA005d2017-08-18o005 WIL 2004 A005 Or.pA16994r2017-08-18w2017-08-18yEK